| 000 | 00515nam a22001697a 4500 | ||
|---|---|---|---|
| 005 | 20230303065045.0 | ||
| 008 | 230303b |||||||| |||| 00| 0 eng d | ||
| 020 | _a978-1-4833-7902-9 | ||
| 082 | _a306.85 C525 2017 | ||
| 100 |
_aCiabattari, Teresa _eauthor |
||
| 245 |
_aSociology of families: _bchange, continuity, and diversity / _cTeresa Ciabattari |
||
| 260 |
_aThousand Oaks, CA: _bSage Publications, _cc2017 |
||
| 300 |
_axvii, 254p.: _bill. |
||
| 504 | _aIncludes index | ||
| 541 | _e6941 | ||
| 650 | _aFamilies | ||
| 999 |
_c1553 _d1553 |
||